Инновационные модели и технологии современного образования (Запись № 10248409)
[ простой вид ]
| 000 -МАРКЕР | |
|---|---|
| контрольное поле | 01903nam1a2200313 i 4500 |
| 001 - ИДЕНТИФИКАТОР ЗАПИСИ | |
| контрольное поле | RU\NLR\BIBL_A\010205265 |
| 005 - ИДЕНТИФИКАТОР ВЕРСИИ | |
| контрольное поле | 20260503054237.0 |
| 010 ## - МЕЖДУНАРОДНЫЙ СТАНДАРТНЫЙ НОМЕР КНИГИ (ISBN) | |
| Номер (ISBN) | 9785875558986 |
| 035 ## - ДРУГИЕ СИСТЕМНЫЕ НОМЕРА | |
| Идентификатор записи | (NLR Aleph) 010205265 |
| 100 ## - ДАННЫЕ ОБЩЕЙ ОБРАБОТКИ | |
| Данные общей обработки | 20140217g20139999k y0rusy50 ca |
| 101 0# - ЯЗЫК РЕСУРСА | |
| Язык текста, звукозаписи и т.д. | русский |
| 102 ## - СТРАНА ПУБЛИКАЦИИ ИЛИ ПРОИЗВОДСТВА | |
| Страна публикации | Российская Федерация |
| 105 ## - ПОЛЕ КОДИРОВАННЫХ ДАННЫХ: ТЕКСТОВЫЕ МАТЕРИАЛЫ, МОНОГРАФИЧЕСКИЕ | |
| Кодированные данные о монографическом текстовом документе | ||||z||||0|yy |
| 200 1# - ЗАГЛАВИЕ И СВЕДЕНИЯ ОБ ОТВЕТСТВЕННОСТИ | |
| Основное заглавие | Инновационные модели и технологии современного образования |
| Сведения, относящиеся к заглавию | материалы конференции "Чтения Ушинского" |
| -- | [доклады 68-й научной конференции, посвященной памяти К.Д. Ушинского |
| Первые сведения об ответственности | редкол.: ...А.В. Золотарева (отв. ред.) и др.] |
| 210 ## - ПУБЛИКАЦИЯ, РАСПРОСТРАНЕНИЕ И ДР. | |
| Место издания, распространения и т.д. | Ярославль |
| Имя издателя, распространителя и т. д. | Изд-во ФГБОУ ВПО "Ярославский государственный педагогический университет им. К.Д. Ушинского" |
| Дата издания, распространения и т.д. | 2013 |
| 215 ## - ФИЗИЧЕСКАЯ ХАРАКТЕРИСТИКА | |
| Размеры | 21 |
| 300 ## - ОБЩИЕ ПРИМЕЧАНИЯ | |
| Текст примечания | В надзаг.: М-во образования и науки Рос. Федерации, ФГБОУ ВПО "Ярослав. гос. пед. ун-т им. К.Д. Ушинского" |
| 606 ## - НАИМЕНОВАНИЕ ТЕМЫ КАК ПРЕДМЕТ | |
| Наименование темы | Инновации педагогические |
| Формальный подзаголовок | Съезды, совещания и т.п. |
| Системный номер авторитетной/нормативной записи | 2078601 |
| Идентификатор авторитетной/нормативной записи | RU\NLR\AUTH\661254463 |
| 686 1# - ИНДЕКСЫ ДРУГИХ КЛАССИФИКАЦИЙ | |
| Индекс | Ч312я431 |
| 702 #1 - ИМЯ ЛИЦА - ВТОРИЧНАЯ ОТВЕТСТВЕННОСТЬ | |
| Код отношения | Редактор |
| Графика поля | Кириллица |
| Материалы, к которым относится поле | rus |
| Начальный элемент ввода | Золотарева |
| Часть имени, кроме начального элемента ввода | А. В. |
| Расширение инициалов личного имени | Ангелина Викторовна |
| Системный номер авторитетной/нормативной записи | 128689 |
| Идентификатор авторитетной/нормативной записи | RU\NLR\AUTH\770128720 |
| 702 #1 - ИМЯ ЛИЦА - ВТОРИЧНАЯ ОТВЕТСТВЕННОСТЬ | |
| Код отношения | Прочие |
| Графика поля | Кириллица |
| Материалы, к которым относится поле | rus |
| Начальный элемент ввода | Ушинский |
| Часть имени, кроме начального элемента ввода | К. Д. |
| Даты | 1823-1871 |
| Расширение инициалов личного имени | Константин Дмитриевич |
| Системный номер авторитетной/нормативной записи | 114219 |
| Идентификатор авторитетной/нормативной записи | RU\NLR\AUTH\774237 |
| 711 12 - НАИМЕНОВАНИЕ ОРГАНИЗАЦИИ - АЛЬТЕРНАТИВНАЯ ОТВЕТСТВЕННОСТЬ | |
| Начальный элемент ввода | "Чтения Ушинского", конференция |
| Место проведения временной организации | Ярославль |
| Дата проведения временной организации | 2013 |
| Системный номер авторитетной/нормативной записи | 374815 |
| Идентификатор авторитетной/нормативной записи | RU\NLR\AUTH\8810244480 |
| 852 ## - МЕСТОНАХОЖДЕНИЕ И ШИФР ХРАНЕНИЯ | |
| Идентификатор организации | NLR |
| Шифр хранения (Call Number) | 2014-3/4278 |
| 942 ## - ДОПОЛНИТЕЛЬНЫЕ ЭЛЕМЕНТЫ ЗАПИСИ (АБИС) | |
| Тип экземпляра АБИС | Книга |
| 980 ## - КОЛЛЕКЦИЯ | |
| Название коллекции | НБР |
Нет доступных экземпляров.